Cuốn sách nhỏ giúp quản lý tài sản: Điều người giàu làm để vẫn giàu khi thị trường biến động

Giới thiệu những kĩ năng về sử dụng, quản lí tài sản một cách khôn ngoan, và xác định lựa chọn phương pháp đầu tư nhằm đạt được nhiều thành công trong tài chính cùng những kinh nghiệm làm giàu khi thị trường biến động...

全面介紹

Đã lưu trong:
書目詳細資料
主要作者: Darst, David M
格式: 圖書
語言:Undetermined
出版: Hà Nội Tri thức 2010
主題:
標簽: 添加標簽
沒有標簽, 成為第一個標記此記錄!
Thư viện lưu trữ: Trung tâm Học liệu Trường Đại học Cần Thơ
LEADER 01048nam a2200217Ia 4500
001 CTU_180610
008 210402s9999 xx 000 0 und d
020 |c 48000 
082 |a 332.024 
082 |b D213 
100 |a Darst, David M 
245 0 |a Cuốn sách nhỏ giúp quản lý tài sản: 
245 0 |b Điều người giàu làm để vẫn giàu khi thị trường biến động 
245 0 |c Darst, David M ; Hoàng Phú Phương (dịch) 
260 |a Hà Nội 
260 |b Tri thức 
260 |c 2010 
520 |a Giới thiệu những kĩ năng về sử dụng, quản lí tài sản một cách khôn ngoan, và xác định lựa chọn phương pháp đầu tư nhằm đạt được nhiều thành công trong tài chính cùng những kinh nghiệm làm giàu khi thị trường biến động 
650 |a Portfolio management,Investment 
904 |i Thuý Vi 
980 |a Trung tâm Học liệu Trường Đại học Cần Thơ